000 02108nam a2200553 c 4500
001 1936305992
003 DE-627
005 20250930104347.0
007 cr uuu---uuuuu
008 250919s2024 xx |||||o 00| ||ger c
020 _a9783753922058
_cEPUB
024 7 _aurn:nbn:de:gbv:18-epflicht-254875
_2urn
035 _a(DE-627)1936305992
035 _a(DE-599)KEP118722131
035 _a(EPFHH)0c199e0b-734c-4118-aa80-b88f0791a077
035 _a(EPFHH-ALTRAVERSE)1043191327_9783753922058
035 _a(DE-627-1)118722131
040 _aDE-627
_bger
_cDE-627
_erda
041 _ager
_hjpn
072 7 _a9182
_2wsb
082 0 4 _a741.5
_qDE-576
245 0 4 _aEin Zeichen der Zuneigung 09
_csuu Morishita, Diana Hesse
264 1 _aHamburg
_bAltraverse
_c2024
300 _a1 Online-Ressource (160 S.)
336 _aText
_btxt
_2rdacontent
337 _aComputermedien
_bc
_2rdamedia
338 _aOnline-Ressource
_bcr
_2rdacarrier
490 0 _aEin Zeichen der Zuneigung
_v9
520 _aYuki und Itsuomi haben sich dazu entschlossen zusammenzuziehen. Yukis Eltern sind unsicher, ob Itsuomi mit Yukis Hörminderung im gemeinsamen Alltag zurechtkommen wird, geben den beiden aber ihren Segen. Nun möchte Yuki auch Itsuomis Familie kennenlernen, die allerdings in Deutschland lebt …
583 1 _aArchivierung/Langzeitarchivierung gewährleistet
_fPEHH
_kDE-576
_2pdager
_5DE-18
650 4 _aGebärdensprache
650 4 _aShojo
650 4 _aUniversität
650 4 _aRomance
650 4 _aSprache
650 4 _aFremde Länder
650 4 _aManga
650 4 _aReisen
650 4 _aFremdsprachen
700 1 _aMorishita, suu
_eVerfasserIn
_4aut
700 1 _aHesse, Diana
_eÜbersetzerIn
_4trl
776 1 _z9783753922058
776 1 _z9783753922041
776 0 8 _iErscheint auch als
_nDruck-Ausgabe
_z9783753922058
776 0 8 _iErscheint auch als
_nDruck-Ausgabe
_z9783753922041
856 4 0 _uhttps://nbn-resolving.org/urn:nbn:de:gbv:18-epflicht-254875
_mX:EPF
_qapplication/epub+zip
_zlizenzpflichtig
942 _2ddc
_cMGA
_n0
951 _aBO
999 _c1343
_d1343